Registry of professional wetland scientists : 1997-1998
Sparad:
| Institutionell upphovsman: | |
|---|---|
| Materialtyp: | Bok |
| Språk: | Undetermined |
| Publicerad: |
U.S.A.
The Program
1998
|
| Ämnen: | |
| Taggar: |
Lägg till en tagg
Inga taggar, Lägg till första taggen!
|
| Thư viện lưu trữ: | Trung tâm Học liệu Trường Đại học Cần Thơ |
|---|
| LEADER | 00627nam a2200193Ia 4500 | ||
|---|---|---|---|
| 001 | CTU_160787 | ||
| 008 | 210402s9999 xx 000 0 und d | ||
| 082 | |a 333.918 | ||
| 082 | |b S678/Vol.18 | ||
| 110 | |a Society of Wetland Scientists Professional Certification Program | ||
| 245 | 0 | |a Registry of professional wetland scientists : | |
| 245 | 0 | |b 1997-1998 | |
| 245 | 0 | |c Society of Wetland Scientists Professional Certification Program | |
| 260 | |a U.S.A. | ||
| 260 | |b The Program | ||
| 260 | |c 1998 | ||
| 650 | |a Wetland conservation,Wetlands | ||
| 904 | |i Giang | ||
| 980 | |a Trung tâm Học liệu Trường Đại học Cần Thơ | ||